| 000 | 00704nam a2200217Ia 4500 | ||
|---|---|---|---|
| 001 | 20134 | ||
| 003 | GE_BSU | ||
| 008 | 181216s||||||||xx |||||||||||||| ||und|| | ||
| 040 | _cGE_BSU | ||
| 245 | _aВрач. №11. 2016. Ноябрь | ||
| 245 | _bЕжемесячный научно-практический журнал | ||
| 245 | _cГл.ред. Денисов И.Н. и др, | ||
| 260 | _aМосква | ||
| 260 | _c2016 | ||
| 300 | _a86 стр. 29 см. илл. | ||
| 653 | _aВрач. №11. 2016. Ноябрь | ||
| 653 | _aежемесячный научно-практический журнал | ||
| 653 | _aПериодика | ||
| 653 | _aპერიოდიკა | ||
| 942 | _cCR | ||
| 999 |
_c53096 _d53096 |
||